LEADER 01679nam--2200445---450- 001 990001019120203316 005 20100701085251.0 010 $a88-324-9583-X 035 $a0101912 035 $aUSA010101912 035 $a(ALEPH)000101912USA01 035 $a0101912 100 $a20020306d1989----km-y0itay0103----ba 101 $aita 102 $aIT 105 $a||||||||001yy 200 1 $aAmministratori, sindaci, direttori generali di società$eresponsabilità civile, penale e fiscale$ereati tributari previsti da leggi speciali antecedenti e successive alla legge del 7 agosto 1982 n. 516$fCalogero Vinci, mario Gagliardi 205 $a7. ed. 210 $aMilano$cPirola$d1989 215 $a311 p.$d24 cm 225 2 $aPirola azienda$iAmministrazione, finanza, controllo$v66 410 $12001$aPirola azienda$iAmministrazione, finanza, controllo$v66 461 1$1001-------$12001 606 0 $aSocietà per azioni$xAmministratori$xResponsabilità 606 0 $aSocietà per azioni$xSindaci$yResponsabilità 606 0 $aSocietà per azioni$xDirettori$yResponsabilità 676 $a346.4507 700 1$aVINCI,$bCalogero$0107166 701 1$aGAGLIARDI,$bMario$0107167 801 0$aIT$bsalbc$gISBD 912 $a990001019120203316 951 $aXXX.B. Coll. 123/ 23 (COLL HNU 66)$b65754 EC$cXXX.B. Coll. 123/ 23 (COLL HNU)$d00272667 959 $aBK 969 $aECO 979 $aPATTY$b90$c20020306$lUSA01$h1611 979 $c20020403$lUSA01$h1743 979 $aPATRY$b90$c20040406$lUSA01$h1710 979 $aRSIAV4$b90$c20100701$lUSA01$h0852 996 $aAmministratori, sindaci, direttori generali di società$9974415 997 $aUNISA LEADER 01936oam 2200505M 450 001 9910716249103321 005 20200213070512.5 035 $a(CKB)5470000002519634 035 $a(OCoLC)1065785751 035 $a(OCoLC)995470000002519634 035 $a(EXLCZ)995470000002519634 100 $a20071213d1926 ua 0 101 0 $aeng 135 $aurcn||||||||| 181 $ctxt$2rdacontent 182 $cc$2rdamedia 183 $acr$2rdacarrier 200 10$aConvey portions of military reservation to San Antonio, Tex. February 3, 1926. -- Committed to the Committee of the Whole House on the State of the Union and ordered to be printed 210 1$a[Washington, D.C.] :$c[U.S. Government Printing Office],$d1926. 215 $a1 online resource (2 pages) 225 1 $aHouse report / 69th Congress, 1st session. House ;$vno. 185 225 1 $a[United States congressional serial set ] ;$v[serial no. 8531] 300 $aBatch processed record: Metadata reviewed, not verified. Some fields updated by batch processes. 300 $aFDLP item number not assigned. 606 $aLand grants 606 $aLegislative amendments 606 $aMilitary reservations 606 $aRoads$xDesign and construction 606 $aStreets 608 $aLegislative materials.$2lcgft 615 0$aLand grants. 615 0$aLegislative amendments. 615 0$aMilitary reservations. 615 0$aRoads$xDesign and construction. 615 0$aStreets. 701 $aWurzbach$b Harry McLeary$f1874-1931$pRepublican (TX)$01386829 801 0$bWYU 801 1$bWYU 801 2$bOCLCO 801 2$bOCLCQ 801 2$bOCLCO 906 $aBOOK 912 $a9910716249103321 996 $aConvey portions of military reservation to San Antonio, Tex. February 3, 1926. -- Committed to the Committee of the Whole House on the State of the Union and ordered to be printed$93465463 997 $aUNINA